000 00289nam a22001337a 4500
008 170616b xxu||||| |||| 00| 0 eng d
020 _a9780195115819
041 _aeng
080 _a94(100)
100 _a16
101 _aSHH
245 _aTHE CIVIL WAR
_cBURNS'S ,K
942 _2udc
_cBK
999 _c17914
_d17914